Tres poetes (Record no. 26650)

MARC details
000 -LEADER
campo de control de longitud fija 00835nam a2200229 i 4500
001 - NÚMERO DE CONTROL
campo de control 26650
003 - IDENTIFICADOR DE NÚMERO DE CONTROL
campo de control ES-MaACL
005 - FECHA Y HORA DE LA ÚLTIMA TRANSACCIÓN
campo de control 20260227162729.0
007 - CAMPO FIJO DE DESCRIPCIÓN FÍSICA--INFORMACIÓN GENERAL
campo de control de longitud fija t|
008 - DATOS DE LONGITUD FIJA--INFORMACIÓN GENERAL
campo de control de longitud fija 030110s1970 sp ||||1| cat d
100 1# - ENTRADA PRINCIPAL--NOMBRE DE PERSONA
Nombre de persona Arús, Joan.
9 (RLIN) 152443
245 10 - MENCIÓN DEL TÍTULO
Título Tres poetes
Resto del título : Maragall, Alcover, Guasch ; La poesía postverdagueriana (de Maragall a Carner) /
Mención de responsabilidad, etc. Joan Arús ; [am un proleg de Maurici Serrahima].
260 ## - PUBLICACIÓN, DISTRIBUCIÓN, ETC.
Lugar de publicación, distribución, etc. [Barcelona :
Nombre del editor, distribuidor, etc. Páortic,
Fecha de publicación, distribución, etc. 1970]
300 ## - DESCRIPCIÓN FÍSICA
Extensión 108 p. ;
Dimensiones 18 cm.
600 14 - PUNTO DE ACCESO ADICIONAL DE MATERIA--NOMBRE DE PERSONA
Nombre de persona Maragall, Joan,
Fechas asociadas al nombre 1860-1911
9 (RLIN) 152432
600 14 - PUNTO DE ACCESO ADICIONAL DE MATERIA--NOMBRE DE PERSONA
Nombre de persona Guasch, Joan Maria (
Fechas asociadas al nombre 1878-1961)
9 (RLIN) 152444
600 17 - PUNTO DE ACCESO ADICIONAL DE MATERIA--NOMBRE DE PERSONA
Nombre de persona Alcover, Joan,
Fechas asociadas al nombre 1854-1926
Fuente del encabezamiento o término
9 (RLIN) 152445
700 1# - ENTRADA AGREGADA--NOMBRE PERSONAL
Nombre de persona Serrahima, Maurici.
9 (RLIN) 105674
740 3# - ENTRADA AGREGADA--TÍTULO RELACIONADO/ANALÍTICO NO CONTROLADO
Título relacionado o analítico no controlado La poesía postverdagueriana (de Maragall a Carner)
852 ## - LOCALIZACIÓN
Ubicación ES-MaACL
Número de control de estantería C-50736
Sublocalización o colección R.76026
Holdings
Estatus retirado Estado de pérdida Estado de daño No para préstamo Biblioteca de origen Biblioteca actual Ubicación en estantería Fecha de adquisición Fuente de adquisición Total de préstamos Signatura topográfica completa Código de barras Visto por última vez Precio de reemplazo Tipo de ítem Koha
        Biblioteca del Ateneo de Madrid Biblioteca del Ateneo de Madrid Depósito 2 17/01/2008     C-50736 1027502 23/02/2023 23/02/2023 Libro impreso